000 00397nam a22001457a 4500
005 20200614145815.0
008 200614b xxu||||| |||| 00| 0 eng d
082 _a345.4 AIR
110 _aALL INDIA REPORTER
_96119
245 _aALL INDIA REPORTER [1969] [VOL-56] ASSAM AND NAGALAND
260 _aMUMBAI
_bALL INDIA REPORTER, PVT. LTD.
300 _a608;p
650 _aLAW
_95701
942 _cJRL
999 _c7171
_d7169